[Event "Bois Gentil op"]
[Site "Geneve"]
[Date "2016.02.05"]
[Round "4"]
[White "Cattin, Jean Pierre"]
[Black "Muellhaupt, Philippe"]
[Result "0-1"]
[WhiteElo "1924"]
[BlackElo "1965"]
[PlyCount "60"]
[EventDate "2016.01.15"]
[EventType "swiss"]
[EventRounds "7"]
[EventCountry "SUI"]
[SourceTitle "EXT 2017"]
[Source "ChessBase"]
[SourceDate "2016.10.25"]
[SourceVersion "1"]
[SourceVersionDate "2016.10.25"]
[SourceQuality "1"]

1. d4 Nf6 2. Nf3 e6 3. Nbd2 c5 4. e3 d5 5. c3 Nc6 6. Bd3 Bd6 7. 0-0 0-0 8. Qe2 Qc7 9. dxc5 Bxc5 10. e4 h6 11. Bc2 Bb6 12. Kh1 Bd7 13. h3 Ne5 14. Nxe5 Qxe5 15. Nf3 Qh5 16. e5 Ne4 17. Be3 f6 18. Bxb6 axb6 19. exf6 Rxf6 20. Bd3 Raf8 21. Kh2 e5 22. Bxe4 dxe4 23. Ng1 Qxe2 24. Nxe2 Rxf2 25. Ng3 Bc6 26. Rae1 e3 27. Rxf2 exf2 28. Rd1 Bb5 29. Nf1 Bxf1 30. Rxf1 e4 0-1

[Event "Bois Gentil op"]
[Site "Geneve"]
[Date "2016.01.22"]
[Round "2"]
[White "Vernay, Clovis"]
[Black "Muellhaupt, Philippe"]
[Result "1-0"]
[WhiteElo "2477"]
[BlackElo "1965"]
[PlyCount "85"]
[EventDate "2016.01.15"]
[EventType "swiss"]
[EventRounds "7"]
[EventCountry "SUI"]
[SourceTitle "EXT 2017"]
[Source "ChessBase"]
[SourceDate "2016.10.25"]
[SourceVersion "1"]
[SourceVersionDate "2016.10.25"]
[SourceQuality "1"]

1. d4 Nf6 2. c4 e5 3. dxe5 Ng4 4. Bf4 Bb4+ 5. Nd2 Nc6 6. Ngf3 Qe7 7. e3 Ngxe5 8. Nxe5 Nxe5 9. Be2 d6 10. 0-0 a5 11. Nb3 a4 12. a3 Bc3 13. bxc3 axb3 14. Qxb3 Nd7 15. a4 Nc5 16. Qb4 g5 17. Bg3 h5 18. f3 f5 19. Bf2 0-0 20. a5 g4 21. Qb1 Qg5 22. Kh1 Ne6 23. Qe1 Bd7 24. Bd1 Bc6 25. Bh4 Qg7 26. Qd2 Qe5 27. Bg3 Qh8 28. h4 Qg7 29. Kh2 Rf6 30. Bc2 Raf8 31. a6 b6 32. a7 Ba8 33. Qe1 Rg6 34. fxg4 Rxg4 35. Rf3 f4 36. exf4 Nxf4 37. Qf2 Ne6 38. Bf5 Rxf5 39. Rxf5 Qxc3 40. Re1 Qxc4 41. Rxe6 Qxe6 42. Rf8+ Kg7 43. Rxa8 1-0